| 000 | 00515nam a2200169Ia 4500 | ||
|---|---|---|---|
| 008 | 140626s9999 xx 000 0 und d | ||
| 100 | _aMagno, Carlo. | ||
| 245 |
_aUsing space analysis to uncover similarities and differences among counselling orientation / _cCarlo Magno ... [et al.]. |
||
| 260 | _cc2011. | ||
| 300 | _a4 : 1, page 1 | ||
| 440 | _aJournal of Counselling | ||
| 521 | _aPSYCH | ||
| 650 | _aCounselling orientations. | ||
| 650 | _aPsychotheraphy. | ||
| 650 | _aSpace analysis. | ||
| 942 | _cSE | ||
| 999 |
_c121359 _d121359 |
||